000 00552nam a22001937a 4500
003 OSt
005 20231108095229.0
008 130307t xxu||||| |||| 00| 0 eng d
020 _a9780521151702
050 _aTR IB PE 1122
_b.T569 2011
082 _aIB 428
_bT596 2011
100 _aTilbury, Alex
245 _aEnglish unlimited :
_bupper intermediate teacher's pack /
_cAlex Tilbury.
260 _aNew York :
_bCambridge University Press,
_c2011.
300 _a128 p.:
_c30 cm.
_bill. ;
650 _aEnglish
942 _2lcc
_cBK
999 _c2104
_d2104